Aprobado el reglamento de escuela de Educación Infantil y de Colegios de Educación Primaria (Record no. 62676)
[ view plain ]
| 000 -CABECERA | |
|---|---|
| campo de control de longitud fija | 00680nam a2200217 a 4500 |
| 005 - FECHA Y HORA DE LA ÚLTIMA TRANSACCIÓN | |
| campo de control | 20210219152856.0 |
| 008 - ELEMENTOS DE LONGITUD FIJA--INFORMACIÓN GENERAL | |
| campo de control de longitud fija | 991125n 000 0 u |
| 035 ## - NÚMERO DE CONTROL DEL SISTEMA | |
| Número de control de sistema | UPN01000064642 |
| 110 ## - ASIENTO PRINCIPAL--NOMBRE CORPORATIVO | |
| Nombre de entidad corporativa o nombre de jurisdicción como elemento de entrada | ESPAÑA. MINISTERIO DE EDUCACION Y CIENCIA |
| 222 ## - TÍTULO CLAVE | |
| Título clave | ESCUELA ESPAÑOLA : |
| Información calificativa | REVISTA PROFESIONAL DE EDUCACION |
| 245 ## - MENCIÓN DE TÍTULO | |
| Título | Aprobado el reglamento de escuela de Educación Infantil y de Colegios de Educación Primaria |
| 300 ## - DESCRIPCIÓN FÍSICA | |
| Extensión | 15 |
| 362 ## - FECHAS DE PUBLICACIÓN Y/O DESIGNACIÓN SECUENCIAL | |
| Fecha de publicación y/o designación secuencial | 1993 Año 53, no. 3148, jun. 10 |
| 440 #0 - MENCIÓN DE SERIE/ASIENTO SECUNDARIO--TÍTULO | |
| Título | 951 |
| 653 0# - TERMINO DE INDIZACION - NO CONTROLADO | |
| Término no controlado | EDUCACION PREESCOLAR |
| 653 0# - TERMINO DE INDIZACION - NO CONTROLADO | |
| Término no controlado | EDUCACION PRIMARIA |
| 653 0# - TERMINO DE INDIZACION - NO CONTROLADO | |
| Término no controlado | ESPAÑA |
| 653 0# - TERMINO DE INDIZACION - NO CONTROLADO | |
| Término no controlado | LEGISLACION EDUCATIVA |
| 904 ## - ELEMENTOS DE DATOS D LOCAL, LDD (RLIN) | |
| a | AC |
| b | 002453 |
| 905 ## - TIPO DE MATERIAL | |
| Tipo de material | Articulo |
No items available.
